| LEADER 00000nam 2200000uu 4500 |
| 001 13399110118 |
| 003 BCNR |
| 008 110201s2551||||th 000 0 tha d |
| 020 9789741110285
|
| 060 04 WG540^bพ569ร 2551
|
| 100 0 พันธุ์เทพ อังชัยสุขศิริ
|
| 245 10 โรคลิ่มเลือดอุดตันและเลือดออกง่ายในผู้ใหญ่ =^bThrombosisand bleeding disorders in adults /^cพันธุ์เทพ อังชัยสุขศิริ
|
| 246 31 Thrombosis and bleeding disorders in adults
|
| 250 พิมพ์ครั้งที่ 1
|
| 260 กรุงเทพฯ :^bหน่วยโลหิตวิทยา ภาควิชาอายุรศาสตร์คณะแพทยศาสตร์โรงพยาบาลรามาธิบดี มหาวิทยาลัยมหิดล,^c2551
|
| 300 0299 หน้า :^bภาพประกอบ ;^c27 ซม.
|
| 650 7 ภาวะเลือดออก^xในวัยผู้ใหญ่
|
| 650 7 หลอดเลือดอุดตัน^xการรักษา
|
| 650 7 หลอดเลือดอุดตัน^xโรค
|
| 650 7 หลอดเลือดอุดตัน, โรค^xในวัยผู้ใหญ่
|
| 700 0 มหาวิทยาลัยมหิดล. ^bคณะแพทยศาสตร์โรงพยาบาลรามาธิบดี.^bภาควิชาอายุรศาสตร์. ^bหน่วยโลหิตวิทยา
|
| 999 ^aบรรณารักษ์
|